=LDR 00000nam 2200000 4500 =001 000777 =005 20250711105819 =035 ##$$a 0010-0725000646 =007 ta =008 250711################a##########0#ind## =020 ##$$a 978-623-307-709-5 =082 ##$$a 398.209 598 =084 ##$$a 398.209 598 GU s =100 #$$a Gupta subhadra sen =245 1#$$a Sejarah Kasturba Gandhi /$c subhadra sen Gupta =250 ##$$a Pertama =260 ##$$a Jakarta :$b Badan pengembangan dan pembinaan bahasa,$c 2022 =300 ##$$a 40 HLM. : $b ilus. ; $c 22 cm =650 #4$$a Cerita anak Indonesia terjemahan =650 #4$$a Literasi bahan bacaan =700 #$$a Neeta Ganggopadhya =990 ##$$a TBM202400802